Por Domingo Grillo, y Ambrosio Lomelin, a cuyo cargo esta por vía de assiento la introducción de esclavos negros en las Indias (Record no. 3657)

MARC details
000 -CABECERA
campo de control de longitud fija 00903nam a2200241 a 4500
001 - NÚMERO DE CONTROL
campo de control BRCA_3930
005 - FECHA Y HORA DE LA ÚLTIMA TRANSACCIÓN
campo de control 20190320204459.0
008 - DATOS DE LONGITUD FIJA--INFORMACIÓN GENERAL
campo de control de longitud fija 110110s1670----sp-#######---#000-0#spa-#
041 ## - CÓDIGO DE LENGUA
Código de lengua del texto/banda sonora o título independiente spa
044 ## - CÓDIGO DEL PAÍS DE LA ENTIDAD EDITORA/PRODUCTORA
Código MARC del país sp
050 #4 - SIGNATURA TOPOGRÁFICA DE LA BIBLIOTECA DEL CONGRESO
Número de clasificación HT851
Número de documento/Ítem .D66 1670
245 10 - MENCIÓN DE TÍTULO
Título Por Domingo Grillo, y Ambrosio Lomelin, a cuyo cargo esta por vía de assiento la introducción de esclavos negros en las Indias
Resto del título con el señor fiscal del Consejo de Indias sobre la paga de los derechos del primero, segundo, tercero, quarto, y quinto año
Mención de responsabilidad, etc. por Domingo Grillo y Ambrosio Lomelin.
260 ## - PUBLICACIÓN, DISTRIBUCIÓN, ETC.
Lugar de publicación, distribución, etc. España
Nombre del editor, distribuidor, etc. Consejo de Indias
Fecha de publicación, distribución, etc. 1670
300 ## - DESCRIPCIÓN FÍSICA
Extensión 4 v.
Otras características físicas il. en la portada
Dimensiones 31 cm.
500 ## - NOTA GENERAL
Nota general Incluye apostillas manuscritas
500 ## - NOTA GENERAL
Nota general C81
650 14 - PUNTO DE ACCESO ADICIONAL DE MATERIA--TÉRMINO DE MATERIA
Término de materia o nombre geográfico como elemento de entrada Trata de esclavos
9 (RLIN) 10228
650 14 - PUNTO DE ACCESO ADICIONAL DE MATERIA--TÉRMINO DE MATERIA
Término de materia o nombre geográfico como elemento de entrada Esclavitud
9 (RLIN) 10229
700 1# - PUNTO DE ACCESO ADICIONAL--NOMBRE DE PERSONA
Nombre de persona Grillo, Domingo
9 (RLIN) 10230
700 1# - PUNTO DE ACCESO ADICIONAL--NOMBRE DE PERSONA
Nombre de persona Lomelin, Ambrosio
9 (RLIN) 10231
902 ## - CATALOGADOR
Iniciales GFM
942 ## - ELEMENTOS DE PUNTO DE ACCESO ADICIONAL (KOHA)
Fuente del sistema de clasificación o colocación Library of Congress Classification
Tipo de ítem Koha Libros
Holdings
Estado de retiro Estado de pérdida Estado dañado No para préstamo Localización permanente Ubicación/localización actual Fecha de adquisición Número de inventario Total de préstamos Signatura topográfica completa Código de barras Fecha visto por última vez Precio válido a partir de Tipo de ítem Koha
El ejemplar forma parte de la colección y puede ser consultado según las políticas vigentes.       Biblioteca del Museo Franz Mayer (Rogerio Casas-Alatriste) Biblioteca del Museo Franz Mayer (Rogerio Casas-Alatriste) 11/01/2010 C81   HT851 .D66 1670 (C81) 3927 22/03/2019 22/03/2019 Libros